Apuntes para una estrategia de desarrollo rural /

সংরক্ষণ করুন:
গ্রন্থ-পঞ্জীর বিবরন
সংস্থা লেখক: NITLAPAN, CRIES
বিন্যাস: পাঠ‍্য
প্রকাশিত: Managua: UCA
বিষয়গুলি:
ট্যাগগুলো: ট্যাগ যুক্ত করুন
কোনো ট্যাগ নেই, প্রথমজন হিসাবে ট্যাগ করুন!

MARC

LEADER 00000 a a2200000 04500
001 26504
003
040
090 |a 148606  
110 |a NITLAPAN  
245 |a Apuntes para una estrategia de desarrollo rural /  |c NITLAPAN  
260 |a Managua:   |b UCA  
300 |a 124 p.   |b **no definido**  
650 |a AGROINDUSTRIA  
650 |a INDUSTRIA AGRICOLA  
650 |a ECONOMIA AGRARIA  
650 |a DESARROLLO RURAL  
650 |a DESARROLLO REGIONAL  
650 |a DESARROLLO ECONOMICO Y SOCIAL  
650 |a ECONOMIA RURAL  
650 |a ZONAS RURALES  
650 |a MERCADOS  
650 |a MERCADOS AGRICOLAS  
650 |a MERCADOS DE PRODUCTOS BASICOS  
650 |a COMERCIO AGRICOLA  
650 |a PLANIFICACION REGIONA  
710 |a CRIES  
999 |c 10256  |d 10256